[Event "1. Bundesliga 2014/2015"]
[Site "Feffernitz, St. Veit/Glan, Mayrhofen"]
[Date "2015.03.20"]
[Round "10"]
[Board "1"]
[White "Kozul, Zdenko"]
[Black "Vitouch, Anatol"]
[Result "1-0"]
[WhiteElo "2630"]
[BlackElo "2336"]
[PlyCount "69"]
[EventDate "2014.11.20"]
[EventType "team"]
[EventRounds "11"]
[EventCountry "AUT"]
[WhiteTeam "SV Wolfsberg"]
[BlackTeam "ASVOE Pamhagen"]

1.d4 Nf6 2.Nf3 c5 3.d5 e6 4.c4 exd5 5.cxd5 d6 6.Nc3 g6 7.Bf4 a6 8.a4 Bg7 9.h3 O-O
10.e3 Re8 11.Bd3 Qe7 12.O-O Nh5 13.Bh2 Nd7 14.Be2 f5 15.Nd2 Ne5 16.Bxh5 gxh5 17.Qxh5
Rf8 18.Bxe5 Bxe5 19.Nc4 Bg7 20.a5 Bd7 21.Na4 Be8 22.Qf3 Qh4 23.Qf4 Qxf4 24.exf4 Rd8
25.Nab6 Bf7 26.Rfe1 Bf6 27.g4 h6 28.Kg2 Kh7 29.Ra3 Rfe8 30.Rxe8 Bxe8 31.Re3 Bf7 32.Re2
Kg6 33.Kg3 Bg8 34.f3 Bf7 35.h4 1-0

[Event "1. Bundesliga 2014/2015"]
[Site "Feffernitz, St. Veit/Glan, Mayrhofen"]
[Date "2015.03.20"]
[Round "10"]
[Board "2"]
[White "Kuthan, Andreas"]
[Black "Stevic, Hrvoje"]
[Result "0-1"]
[WhiteElo "2240"]
[BlackElo "2594"]
[PlyCount "102"]
[EventDate "2014.11.20"]
[EventType "team"]
[EventRounds "11"]
[EventCountry "AUT"]
[WhiteTeam "ASVOE Pamhagen"]
[BlackTeam "SV Wolfsberg"]

1.d4 d5 2.c4 dxc4 3.Nf3 Nf6 4.e3 Bg4 5.Bxc4 e6 6.Nc3 a6 7.h3 Bh5 8.O-O Nc6 9.Be2 Bd6
10.Nd2 Bg6 11.f4 O-O 12.Bf3 Nb4 13.Nde4 Nxe4 14.Nxe4 Bxe4 15.Bxe4 c6 16.Bd2 Nd5 17.Qb3
Qd7 18.Bxd5 exd5 19.Bb4 Bxb4 20.Qxb4 Rae8 21.Rf3 f5 22.Rc1 Rf7 23.Rc3 h6 24.Rc1 Re4
25.Rcf1 Rfe7 26.Qc3 Qd8 27.Rc1 Qb6 28.Rg3 Kf8 29.Rf3 Kg8 30.Rg3 Qb5 31.Rc2 Kf8 32.Rf3
Ke8 33.Kf2 Kd7 34.Qa3 Kc8 35.Qc3 Kb8 36.Qa3 R4e6 37.Rg3 Qb6 38.Rc3 Qd8 39.Rb3 Ka8
40.Qc5 Qe8 41.Qb6 Rd7 42.Qc5 Qd8 43.Kg1 g5 44.fxg5 hxg5 45.Rf3 g4 46.hxg4 fxg4 47.Rf4
g3 48.Qf8 Re8 49.Qf6 Qa5 50.Qg6 Rde7 51.Qxg3 Qxa2 0-1

[Event "1. Bundesliga 2014/2015"]
[Site "Feffernitz, St. Veit/Glan, Mayrhofen"]
[Date "2015.03.20"]
[Round "10"]
[Board "3"]
[White "Jovanovic, Zoran"]
[Black "Prinzjakowitsch, Bernhard"]
[Result "1-0"]
[WhiteElo "2530"]
[BlackElo "2178"]
[PlyCount "63"]
[EventDate "2014.11.20"]
[EventType "team"]
[EventRounds "11"]
[EventCountry "AUT"]
[WhiteTeam "SV Wolfsberg"]
[BlackTeam "ASVOE Pamhagen"]

1.e4 c5 2.Ne2 e5 3.Nec3 Nf6 4.Bc4 Nc6 5.d3 Be7 6.O-O d6 7.a3 Bg4 8.f3 Bh5 9.Be3 h6
10.Qd2 Qd7 11.Nd5 Nxd5 12.Bxd5 g5 13.Nc3 O-O-O 14.b4 Rdg8 15.bxc5 dxc5 16.Rab1 b6
17.Bc4 Kd8 18.Nd5 Rf8 19.a4 Ke8 20.Bb5 f5 21.a5 f4 22.Bf2 g4 23.fxg4 Bxg4 24.axb6
axb6 25.Bxc6 Qxc6 26.Rxb6 Qc8 27.Rfb1 Bd8 28.Rb8 Qc6 29.Qc3 Kf7 30.Qxe5 Bg5 31.R8b7+
Bd7 32.R1b6 1-0

[Event "1. Bundesliga 2014/2015"]
[Site "Feffernitz, St. Veit/Glan, Mayrhofen"]
[Date "2015.03.20"]
[Round "10"]
[Board "5"]
[White "Hresc, Vladimir"]
[Black "Rusek, Walter"]
[Result "1-0"]
[WhiteElo "2400"]
[BlackElo "1811"]
[PlyCount "97"]
[EventDate "2014.11.20"]
[EventType "team"]
[EventRounds "11"]
[EventCountry "AUT"]
[WhiteTeam "SV Wolfsberg"]
[BlackTeam "ASVOE Pamhagen"]

1.e4 e6 2.d4 d5 3.Nc3 dxe4 4.Nxe4 Bd7 5.Nf3 Bc6 6.Bd3 Nd7 7.O-O Ngf6 8.Ng3 Be7 9.c4
O-O 10.b3 Re8 11.Bb2 Bxf3 12.Qxf3 c6 13.Rad1 Bf8 14.Rfe1 g6 15.h3 Bg7 16.Nf1 Qa5 17.Bb1
Rad8 18.Bc3 Qc7 19.g4 h5 20.Ng3 hxg4 21.hxg4 e5 22.Kg2 exd4 23.Bxd4 Rxe1 24.Rxe1 Re8
25.Rxe8+ Nxe8 26.Be3 Qa5 27.Qd1 Nf8 28.Qd2 Qxd2 29.Bxd2 Ne6 30.Ne4 c5 31.f4 Bh6 32.Kf3
Nd4+ 33.Kf2 b6 34.Bd3 Kf8 35.Be3 Ne6 36.Kf3 Ke7 37.Nc3 N8c7 38.Be4 Kd6 39.f5 gxf5
40.Bxh6 fxe4+ 41.Kxe4 Nd4 42.Bf4+ Kd7 43.Bxc7 Kxc7 44.Ke5 Nf3+ 45.Kf6 Kd7 46.g5 Ke8
47.Nb5 a6 48.Nd6+ Kd7 49.Nxf7 1-0

[Event "1. Bundesliga 2014/2015"]
[Site "Feffernitz, St. Veit/Glan, Mayrhofen"]
[Date "2015.03.20"]
[Round "10"]
[Board "1"]
[White "Prohaszka, Peter"]
[Black "Bromberger, Stefan"]
[Result "1-0"]
[WhiteElo "2597"]
[BlackElo "2544"]
[PlyCount "91"]
[EventDate "2014.11.20"]
[EventType "team"]
[EventRounds "11"]
[EventCountry "AUT"]
[WhiteTeam "SV Jacques Lemans St. Veit"]
[BlackTeam "SIR Royal Salzburg"]

1.d4 Nf6 2.c4 g6 3.Nc3 d5 4.Bg5 Bg7 5.e3 c5 6.Nf3 Ne4 7.Bf4 cxd4 8.exd4 Nxc3 9.bxc3
O-O 10.cxd5 Qxd5 11.Be2 Nc6 12.O-O Qa5 13.Qb3 e5 14.Nxe5 Nxe5 15.Bxe5 Bxe5 16.dxe5
Qxe5 17.Bf3 Be6 18.Qxb7 Qxc3 19.Qxa8 Rxa8 20.Bxa8 Qa3 21.Rfd1 a5 22.Bd5 Bxd5 23.Rxd5
Qb2 24.Rdd1 a4 25.a3 h5 26.h4 Kg7 27.g3 Qc3 28.Rac1 Qxa3 29.Ra1 Qb3 30.Rd4 a3 31.Rd2
g5 32.Rda2 g4 33.Rxa3 Qb2 34.Ra5 f6 35.R1a4 Kg6 36.Rf4 Qb1+ 37.Kh2 Qc2 38.Ra6 Qb2
39.Re6 Qa1 40.Re2 Qf1 41.Rc2 Kg7 42.Rc6 Qa1 43.Rf5 Kg6 44.Rg5+ Kh6 45.Rgc5 Qd4 46.Rf5 1-0

[Event "1. Bundesliga 2014/2015"]
[Site "Feffernitz, St. Veit/Glan, Mayrhofen"]
[Date "2015.03.20"]
[Round "10"]
[Board "2"]
[White "Mons, Leon"]
[Black "Bosiocic, Marin"]
[Result "0-1"]
[WhiteElo "2446"]
[BlackElo "2556"]
[PlyCount "76"]
[EventDate "2014.11.20"]
[EventType "team"]
[EventRounds "11"]
[EventCountry "AUT"]
[WhiteTeam "SIR Royal Salzburg"]
[BlackTeam "SV Jacques Lemans St. Veit"]

1.e4 e5 2.Nf3 Nc6 3.Bc4 Bc5 4.O-O d6 5.c3 Qf6 6.d3 h6 7.b4 Bb6 8.a4 a6 9.Be3 Nge7
10.Nbd2 Ng6 11.Bb3 O-O 12.Bxb6 cxb6 13.Ne1 Nce7 14.g3 Bh3 15.Ng2 Rad8 16.Qh5 Bxg2
17.Kxg2 d5 18.Qe2 dxe4 19.Nxe4 Qc6 20.Kg1 Nd5 21.Rac1 Kh8 22.f3 f5 23.Nf2 Rf6 24.Rfe1
Rfd6 25.Qd2 Nf6 26.Qe2 Nd5 27.Qd2 R6d7 28.Rc2 Ndf4 29.Re3 Nh4 30.Rc1 Nxf3+ 31.Rxf3
Qxf3 32.gxf4 exf4 33.Re1 Rd6 34.Be6 Qh5 35.Kf1 f3 36.Re5 Qxh2 37.Qe3 Rxd3 38.Nxd3
Rxd3 0-1

[Event "1. Bundesliga 2014/2015"]
[Site "Feffernitz, St. Veit/Glan, Mayrhofen"]
[Date "2015.03.20"]
[Round "10"]
[Board "3"]
[White "Rogic, Davor"]
[Black "Seyb, Alexander"]
[Result "1-0"]
[WhiteElo "2547"]
[BlackElo "2427"]
[PlyCount "59"]
[EventDate "2014.11.20"]
[EventType "team"]
[EventRounds "11"]
[EventCountry "AUT"]
[WhiteTeam "SV Jacques Lemans St. Veit"]
[BlackTeam "SIR Royal Salzburg"]

1.e4 e5 2.Nf3 Nf6 3.Nxe5 d6 4.Nf3 Nxe4 5.d4 d5 6.Bd3 Nc6 7.O-O Be7 8.Nc3 Nxc3 9.bxc3
Bg4 10.Rb1 Rb8 11.Re1 O-O 12.Bf4 Bd6 13.Bxd6 Qxd6 14.Re3 f5 15.Re1 Na5 16.Qe2 Rbd8
17.h3 Bxf3 18.Qxf3 g6 19.Re5 Qa3 20.h4 Qxc3 21.Rxd5 c6 22.Rc5 Qa3 23.h5 Rxd4 24.Re5
b5 25.Rbe1 Rd7 26.Re6 Rg7 27.hxg6 hxg6 28.Rxc6 Nxc6 29.Bc4+ bxc4 30.Qxa3 1-0

[Event "1. Bundesliga 2014/2015"]
[Site "Feffernitz, St. Veit/Glan, Mayrhofen"]
[Date "2015.03.20"]
[Round "10"]
[Board "4"]
[White "Pitl, Gregory"]
[Black "Hoelzl, Franz"]
[Result "0-1"]
[WhiteElo "2387"]
[BlackElo "2333"]
[PlyCount "70"]
[EventDate "2014.11.20"]
[EventType "team"]
[EventRounds "11"]
[EventCountry "AUT"]
[WhiteTeam "SIR Royal Salzburg"]
[BlackTeam "SV Jacques Lemans St. Veit"]

1.e4 e6 2.Nf3 d5 3.Nc3 Bb4 4.e5 b6 5.Ne2 Nh6 6.Nf4 O-O 7.c3 Be7 8.d4 Nf5 9.b4 c5 10.a3
Na6 11.Bd3 Nc7 12.Rb1 g6 13.h4 cxd4 14.cxd4 h5 15.g3 Bd7 16.Qe2 a6 17.O-O Bb5 18.Be3
Qd7 19.Rfc1 Rfc8 20.Qb2 Bxd3 21.Nxd3 Qa4 22.Qc3 Kg7 23.Nb2 Qe8 24.Qb3 a5 25.bxa5 bxa5
26.Na4 Rcb8 27.Nb6 Ra7 28.Qd3 Rab7 29.Bd2 Rxb6 30.Rxb6 Rxb6 31.Rxc7 Qb8 32.Qc2 Rb1+
33.Kh2 Qb5 34.Bg5 Qf1 35.Qxb1 Qxf2+ 0-1

[Event "1. Bundesliga 2014/2015"]
[Site "Feffernitz, St. Veit/Glan, Mayrhofen"]
[Date "2015.03.20"]
[Round "10"]
[Board "5"]
[White "Koop, Thorben"]
[Black "Lammers, Markus"]
[Result "0-1"]
[WhiteElo "2417"]
[BlackElo "2326"]
[PlyCount "116"]
[EventDate "2014.11.20"]
[EventType "team"]
[EventRounds "11"]
[EventCountry "AUT"]
[WhiteTeam "SV Jacques Lemans St. Veit"]
[BlackTeam "SIR Royal Salzburg"]

1.d4 Nf6 2.Nf3 e6 3.c4 c5 4.Nc3 cxd4 5.Nxd4 Nc6 6.e3 d5 7.Be2 Bd6 8.O-O O-O 9.b3 a6
10.Nxc6 bxc6 11.Bb2 a5 12.Qc2 Bb7 13.Rfd1 e5 14.Bf3 e4 15.Be2 Qe7 16.Na4 h5 17.Qc3
Rfe8 18.cxd5 cxd5 19.Rac1 h4 20.Qd4 h3 21.g3 Ba6 22.Bg4 Bc8 23.Be2 Ba6 24.Bg4 Bc8
25.Be2 Rb8 26.Nb6 Be6 27.Rc2 Qb7 28.Na4 Bg4 29.Bxg4 Be5 30.Qxe5 Rxe5 31.Bxe5 Nxg4
32.Bxb8 Qxb8 33.Rxd5 Ne5 34.Kf1 Nf3 35.Ke2 Nxh2 36.Rc4 Ng4 37.Rh5 Qd8 38.Rxh3 Qd3+
39.Ke1 Qb1+ 40.Kd2 Qd3+ 41.Ke1 Qb1+ 42.Kd2 g6 43.Kc3 Qa1+ 44.Kc2 Nxf2 45.Rh4 Qxa2+
46.Kc3 Qa1+ 47.Kc2 Qa2+ 48.Kc3 Qa1+ 49.Kc2 Qd1+ 50.Kc3 Qc1+ 51.Kd4 Qd2+ 52.Ke5 Qxe3
53.Rc3 Qd2 54.Rc8+ Kg7 55.Nc5 Qc3+ 56.Kd5 Qd2+ 57.Kc6 e3 58.Rf4 Nd3 0-1

[Event "1. Bundesliga 2014/2015"]
[Site "Feffernitz, St. Veit/Glan, Mayrhofen"]
[Date "2015.03.20"]
[Round "10"]
[Board "6"]
[White "Durakovic, Alman"]
[Black "Ceschia, Ivano"]
[Result "1/2-1/2"]
[WhiteElo "2314"]
[BlackElo "2263"]
[PlyCount "96"]
[EventDate "2014.11.20"]
[EventType "team"]
[EventRounds "11"]
[EventCountry "AUT"]
[WhiteTeam "SIR Royal Salzburg"]
[BlackTeam "SV Jacques Lemans St. Veit"]

1.d4 Nf6 2.c4 e6 3.Nc3 Bb4 4.a3 Bxc3+ 5.bxc3 O-O 6.f3 d5 7.cxd5 exd5 8.e3 c5 9.Bd3
Nh5 10.Ne2 Qh4+ 11.g3 Qh3 12.Kf2 Nc6 13.Ng1 Qd7 14.g4 Nf6 15.Ne2 Qe7 16.Ng3 g6 17.h4
h5 18.gxh5 gxh5 19.Qg1 Kh8 20.Nf5 Bxf5 21.Bxf5 Rg8 22.Qh2 Ne8 23.Bd2 Qf6 24.Qf4 Nd6
25.Bd3 Qxf4 26.exf4 Nc4 27.Bxc4 dxc4 28.dxc5 Rad8 29.Be3 Rd3 30.Rac1 Re8 31.Rhe1 Kh7
32.Re2 Re6 33.Bd2 Na5 34.Rxe6 fxe6 35.Be3 Nb3 36.Rc2 a6 37.Bd4 Nxd4 38.cxd4 Rxd4 39.Ke3
Rd3+ 40.Ke4 Rxa3 41.Rxc4 Ra5 42.Ke5 b6 43.Kxe6 bxc5 44.f5 Rb5 45.Rc1 Rb6+ 46.Ke7 Rb7+
47.Ke6 Rb6+ 48.Ke7 Rb7+ 1/2-1/2

[Event "1. Bundesliga 2014/2015"]
[Site "Feffernitz, St. Veit/Glan, Mayrhofen"]
[Date "2015.03.20"]
[Round "10"]
[Board "2"]
[White "Antal, Gergely"]
[Black "Dizdar, Goran"]
[Result "1/2-1/2"]
[WhiteElo "2510"]
[BlackElo "2500"]
[PlyCount "128"]
[EventDate "2014.11.20"]
[EventType "team"]
[EventRounds "11"]
[EventCountry "AUT"]
[WhiteTeam "ASVOE Wulkaprodersdorf"]
[BlackTeam "SK Absam"]

1.e4 e6 2.d4 d5 3.Nd2 c5 4.Ngf3 a6 5.dxc5 Bxc5 6.Bd3 Nf6 7.O-O Nc6 8.exd5 exd5 9.Re1+
Be7 10.Nf1 O-O 11.Ng3 Re8 12.Bf4 Qb6 13.Rb1 Bd7 14.c3 Bc5 15.Qc2 g6 16.h3 Bf8 17.Ne5
Bg7 18.Be3 Qa5 19.Nxd7 Nxd7 20.Qb3 d4 21.cxd4 Bxd4 22.Ne4 Bxe3 23.Rxe3 Qb4 24.Qd5
Qd4 25.Bc4 Qxd5 26.Bxd5 Kg7 27.Rbe1 Nb6 28.Bb3 a5 29.a3 Nd4 30.Bxf7 Re7 31.Nd6 Rxe3
32.fxe3 Nf5 33.Nxf5+ Kxf7 34.Nd4 Rc8 35.Re2 Ke7 36.Kf2 a4 37.Nb5 Nc4 38.Rc2 Rc5 39.Nd4
Kd6 40.Ke2 b6 41.Nf3 b5 42.Nd2 Rc7 43.Nxc4+ bxc4 44.Rd2+ Ke5 45.Rd4 g5 46.Kd2 Rb7
47.Kc1 Rc7 48.Kc2 h5 49.h4 g4 50.Rf4 Rc6 51.Rd4 Rf6 52.Rxc4 Rf2+ 53.Kc3 Rxg2 54.Rxa4
Rh2 55.Ra5+ Ke4 56.Rxh5 g3 57.a4 g2 58.Rg5 Kf3 59.Rf5+ Kxe3 60.Rg5 Kf2 61.Kc4 Rxh4+
62.Kb5 Rh5 63.Rxh5 g1=Q 64.Rc5 Qf1+ 1/2-1/2

[Event "1. Bundesliga 2014/2015"]
[Site "Feffernitz, St. Veit/Glan, Mayrhofen"]
[Date "2015.03.20"]
[Round "10"]
[Board "3"]
[White "Rotstein, Arkadij"]
[Black "Abel, Dennes"]
[Result "1-0"]
[WhiteElo "2500"]
[BlackElo "2435"]
[PlyCount "93"]
[EventDate "2014.11.20"]
[EventType "team"]
[EventRounds "11"]
[EventCountry "AUT"]
[WhiteTeam "SK Absam"]
[BlackTeam "ASVOE Wulkaprodersdorf"]

1.g3 d5 2.Bg2 c6 3.d3 Bg4 4.Nd2 e6 5.f4 Bc5 6.Nb3 Bb6 7.Nf3 Nd7 8.e4 Qc7 9.Qe2 O-O-O
10.a4 a6 11.a5 Ba7 12.Be3 Bxe3 13.Qxe3 dxe4 14.dxe4 Bxf3 15.Bxf3 e5 16.O-O-O Ngf6
17.f5 h6 18.Be2 Nb8 19.g4 Rxd1+ 20.Rxd1 Rd8 21.Rg1 Ne8 22.h4 Qe7 23.g5 hxg5 24.hxg5
Qb4 25.Bd3 Nd6 26.Rh1 Nd7 27.Kb1 Kb8 28.Rd1 Kc7 29.Rh1 Kb8 30.Rh7 c5 31.Qd2 Qa4 32.Be2
Qc6 33.Rxg7 c4 34.Nc1 Nxe4 35.Qb4 c3 36.Nb3 cxb2 37.Kxb2 Rc8 38.Bd3 Nd6 39.g6 e4 40.Nd4
Qc7 41.Bxa6 Ka8 42.Bxb7+ Nxb7 43.gxf7 Nf8 44.Rg8 Qxf7 45.Qb6 Qc4 46.Rxf8 Rxf8 47.Nc6 1-0

[Event "1. Bundesliga 2014/2015"]
[Site "Feffernitz, St. Veit/Glan, Mayrhofen"]
[Date "2015.03.20"]
[Round "10"]
[Board "4"]
[White "Volkmann, Friedrich Karl"]
[Black "Wegerle, Joerg"]
[Result "1-0"]
[WhiteElo "2445"]
[BlackElo "2434"]
[PlyCount "91"]
[EventDate "2014.11.20"]
[EventType "team"]
[EventRounds "11"]
[EventCountry "AUT"]
[WhiteTeam "ASVOE Wulkaprodersdorf"]
[BlackTeam "SK Absam"]

1.e4 c5 2.Nf3 e6 3.b3 b6 4.d4 cxd4 5.Nxd4 Bb7 6.Nb5 Na6 7.Nd6+ Bxd6 8.Qxd6 Qe7 9.Ba3
Nc5 10.Qxe7+ Nxe7 11.f3 Rc8 12.c4 d5 13.exd5 exd5 14.Nc3 O-O 15.Nb5 Nf5 16.Nxa7 Rfe8+
17.Kf2 Rcd8 18.Bxc5 bxc5 19.Bd3 Ne3 20.cxd5 Rxd5 21.Be4 Rd7 22.Kxe3 Bxe4 23.fxe4 Rxa7
24.Rhc1 Ra5 25.a4 Kf8 26.Rc4 Re5 27.Rf1 Ke7 28.g4 f6 29.h3 Ra7 30.Kd3 Kd6 31.Kc3 h5
32.Rf5 hxg4 33.hxg4 Ra8 34.Rxe5 fxe5 35.b4 cxb4+ 36.Kxb4 Rb8+ 37.Ka5 Rb3 38.Rb4 Rg3
39.Kb6 Rxg4 40.a5 Rg1 41.a6 Ra1 42.a7 g5 43.Rb5 g4 44.Rd5+ Ke6 45.Ra5 Rb1+ 46.Ka6 1-0

[Event "1. Bundesliga 2014/2015"]
[Site "Feffernitz, St. Veit/Glan, Mayrhofen"]
[Date "2015.03.20"]
[Round "10"]
[Board "5"]
[White "Deglmann, Ludwig"]
[Black "Wallner, Joachim"]
[Result "1-0"]
[WhiteElo "2374"]
[BlackElo "2331"]
[PlyCount "103"]
[EventDate "2014.11.20"]
[EventType "team"]
[EventRounds "11"]
[EventCountry "AUT"]
[WhiteTeam "SK Absam"]
[BlackTeam "ASVOE Wulkaprodersdorf"]

1.d4 d5 2.c4 c6 3.Nf3 Nf6 4.Nc3 a6 5.c5 Nbd7 6.Bf4 Nh5 7.Bg5 h6 8.Bd2 Nhf6 9.Bf4 Nh5
10.Bd2 Nhf6 11.Bf4 Nh5 12.Be5 Nxe5 13.Nxe5 Nf6 14.e3 Bf5 15.Bd3 Bxd3 16.Nxd3 e6 17.O-O
Be7 18.b4 O-O 19.a4 Nd7 20.f4 Qc7 21.Qe2 f5 22.b5 Rfb8 23.b6 Qd8 24.g4 Qf8 25.Kh1
fxg4 26.Qxg4 Qf5 27.Rg1 Bf6 28.Rad1 Kh7 29.Qg2 Rg8 30.e4 dxe4 31.Ne5 Rad8 32.Nxe4
Be7 33.Ng3 Qf8 34.Qe4+ g6 35.Nxd7 Rxd7 36.Qxe6 Rd5 37.f5 gxf5 38.Nh5 Rg5 39.Nf4 Rd8
40.Rxg5 Bxg5 41.Qg6+ Kh8 42.Ne6 Qe7 43.Qxf5 Rd5 44.Qg6 Qh7 45.Qxh7+ Kxh7 46.Nc7 Rd7
47.d5 Be3 48.Rb1 cxd5 49.Nxa6 d4 50.c6 bxc6 51.Nc5 Rd8 52.b7 1-0

[Event "1. Bundesliga 2014/2015"]
[Site "Feffernitz, St. Veit/Glan, Mayrhofen"]
[Date "2015.03.20"]
[Round "10"]
[Board "6"]
[White "Mesaros, Florian"]
[Black "De Francesco, Klaus"]
[Result "1-0"]
[WhiteElo "2355"]
[BlackElo "2237"]
[PlyCount "79"]
[EventDate "2014.11.20"]
[EventType "team"]
[EventRounds "11"]
[EventCountry "AUT"]
[WhiteTeam "ASVOE Wulkaprodersdorf"]
[BlackTeam "SK Absam"]

1.Nf3 Nf6 2.c4 b6 3.g3 Bb7 4.Bg2 e6 5.O-O Be7 6.d4 O-O 7.Nc3 Ne4 8.Qc2 Nxc3 9.Qxc3
d6 10.Qd3 Nd7 11.Ng5 Bxg5 12.Bxb7 Rb8 13.Bc6 Bxc1 14.Raxc1 Qe7 15.b4 Nf6 16.Qa3 e5
17.dxe5 dxe5 18.c5 e4 19.Qxa7 Qe5 20.Qa3 h5 21.cxb6 cxb6 22.Qc3 Qe6 23.Qc4 Qe5 24.Qc3
Qe6 25.Qc4 Qe5 26.Rfd1 h4 27.e3 Qf5 28.Qe2 Rfd8 29.Rd4 hxg3 30.hxg3 Rxd4 31.exd4 Rd8
32.Rd1 Rd6 33.b5 Qh3 34.Qf1 Qg4 35.Qe1 Nd5 36.Bxd5 Rxd5 37.Rd2 Rh5 38.Qe2 Qg6 39.Rc2
f5 40.Rc8+ 1-0

[Event "1. Bundesliga 2014/2015"]
[Site "Feffernitz, St. Veit/Glan, Mayrhofen"]
[Date "2015.03.20"]
[Round "10"]
[Board "1"]
[White "Volokitin, Andrei"]
[Black "Votava, Jan"]
[Result "1-0"]
[WhiteElo "2642"]
[BlackElo "2524"]
[PlyCount "67"]
[EventDate "2014.11.20"]
[EventType "team"]
[EventRounds "11"]
[EventCountry "AUT"]
[WhiteTeam "Sparkasse Jenbach"]
[BlackTeam "Mayrhofen/SK Zell/Zillertal"]

1.e4 e5 2.Nf3 Nf6 3.Nxe5 d6 4.Nf3 Nxe4 5.Nc3 Nxc3 6.dxc3 Be7 7.Be3 Nc6 8.Qd2 Be6 9.O-O-O
Qd7 10.h4 h6 11.b3 Bf6 12.Bb5 a6 13.Bxc6 bxc6 14.Bd4 Bxd4 15.Nxd4 O-O 16.Nxe6 fxe6
17.Rhe1 Qf7 18.f3 a5 19.a4 Qf6 20.Re4 h5 21.Rde1 e5 22.c4 c5 23.Kb1 Kh7 24.Rh1 Qg6
25.Rh3 Rab8 26.Qe1 Rf4 27.Rg3 Rxe4 28.fxe4 Qf7 29.Qxa5 Rb4 30.Qa8 Qf2 31.Rf3 Qg1+
32.Kb2 Qd4+ 33.Rc3 Qf2 34.g3 1-0

[Event "1. Bundesliga 2014/2015"]
[Site "Feffernitz, St. Veit/Glan, Mayrhofen"]
[Date "2015.03.20"]
[Round "10"]
[Board "2"]
[White "Lanka, Zigurds"]
[Black "Nisipeanu, Liviu-Dieter"]
[Result "0-1"]
[WhiteElo "2422"]
[BlackElo "2651"]
[PlyCount "86"]
[EventDate "2014.11.20"]
[EventType "team"]
[EventRounds "11"]
[EventCountry "AUT"]
[WhiteTeam "Mayrhofen/SK Zell/Zillertal"]
[BlackTeam "Sparkasse Jenbach"]

1.e4 c6 2.d4 d5 3.exd5 cxd5 4.c4 Nf6 5.Nc3 e6 6.Nf3 Bb4 7.cxd5 Nxd5 8.Bd2 O-O 9.Bd3
Nc6 10.a3 Bd6 11.Qc2 h6 12.O-O Nce7 13.Rae1 Bd7 14.Qc1 f5 15.Qb1 Rc8 16.Qa2 Rf6 17.Ne5
Bxe5 18.dxe5 Nxc3 19.Bxc3 Rg6 20.Bc4 Qb6 21.Rd1 Bb5 22.Bxb5 Qxb5 23.a4 Qc6 24.f3 Nd5
25.Rxd5 exd5 26.Rd1 Rd8 27.Qb3 Qb6+ 28.Qxb6 axb6 29.Rd4 Rc6 30.Kf2 Rc4 31.Ke3 Kf7
32.Kd3 Rxd4+ 33.Bxd4 Ra8 34.b3 b5 35.axb5 Ra2 36.Kc3 Rxg2 37.Kb4 Ke6 38.Ka5 Rd2 39.Bc5
d4 40.Kb6 d3 41.Kxb7 Rc2 42.Be3 d2 43.Bxd2 Rxd2 0-1

[Event "1. Bundesliga 2014/2015"]
[Site "Feffernitz, St. Veit/Glan, Mayrhofen"]
[Date "2015.03.20"]
[Round "10"]
[Board "3"]
[White "Schlosser, Philipp"]
[Black "Hausner, Ivan"]
[Result "1-0"]
[WhiteElo "2571"]
[BlackElo "2332"]
[PlyCount "71"]
[EventDate "2014.11.20"]
[EventType "team"]
[EventRounds "11"]
[EventCountry "AUT"]
[WhiteTeam "Sparkasse Jenbach"]
[BlackTeam "Mayrhofen/SK Zell/Zillertal"]

1.d4 Nf6 2.c4 d6 3.Nc3 Nbd7 4.e4 e5 5.Nf3 g6 6.Be2 Bg7 7.Be3 Ng4 8.Bg5 f6 9.Bd2 c6
10.d5 c5 11.Rb1 Nh6 12.h4 Nf7 13.Qc2 h5 14.a3 Bh6 15.b4 Kf8 16.g3 Kg7 17.Kf1 b6 18.Kg2
Nf8 19.Rb3 Bg4 20.Bxh6+ Rxh6 21.Nd2 Bxe2 22.Nxe2 g5 23.Nf1 Ng6 24.Ne3 Ne7 25.Nc3 Qd7
26.bxc5 bxc5 27.Qe2 Kg6 28.Rhb1 Rc8 29.Rb7 Rc7 30.Rb8 gxh4 31.gxh4 Rh8 32.Rxh8 Nxh8
33.Kh2 Kh6 34.Qf3 Nhg6 35.Qxf6 Kh7 36.Rg1 1-0

[Event "1. Bundesliga 2014/2015"]
[Site "Feffernitz, St. Veit/Glan, Mayrhofen"]
[Date "2015.03.20"]
[Round "10"]
[Board "4"]
[White "Maiwald, Jens-Uwe"]
[Black "Shengelia, David"]
[Result "0-1"]
[WhiteElo "2464"]
[BlackElo "2560"]
[PlyCount "96"]
[EventDate "2014.11.20"]
[EventType "team"]
[EventRounds "11"]
[EventCountry "AUT"]
[WhiteTeam "Mayrhofen/SK Zell/Zillertal"]
[BlackTeam "Sparkasse Jenbach"]

1.e4 c5 2.d3 Nc6 3.g3 d5 4.exd5 Qxd5 5.Nf3 b6 6.Bg2 Bb7 7.O-O e6 8.Nc3 Qd7 9.Re1 Nf6
10.Bf4 Be7 11.Ne5 Nxe5 12.Bxe5 O-O 13.a4 Bxg2 14.Kxg2 Nd5 15.Nxd5 Qxd5+ 16.Qf3 Qxf3+
17.Kxf3 f6 18.Bc3 Kf7 19.h4 h5 20.Re4 Rac8 21.b3 e5 22.Kg2 Bd6 23.Rae1 a6 24.f4 exf4
25.gxf4 b5 26.f5 Rfd8 27.a5 b4 28.Bb2 Rb8 29.Re6 Rb5 30.Ra1 c4 31.bxc4 Rxf5 32.Re4
Bc7 33.Bd4 Rxa5 34.Rxa5 Bxa5 35.Bc5 Re8 36.Rxe8 Kxe8 37.d4 g5 38.hxg5 fxg5 39.d5 g4
40.Kg3 Bc7+ 41.Kh4 g3 42.Kh3 a5 43.Bd4 a4 44.c5 Bf4 45.c6 a3 46.Kg2 a2 47.Kf3 Bd6
48.c4 bxc3 0-1

[Event "1. Bundesliga 2014/2015"]
[Site "Feffernitz, St. Veit/Glan, Mayrhofen"]
[Date "2015.03.20"]
[Round "10"]
[Board "6"]
[White "Tabernig, Bernhard"]
[Black "Lehner, Oliver"]
[Result "1-0"]
[WhiteElo "2328"]
[BlackElo "2425"]
[PlyCount "99"]
[EventDate "2014.11.20"]
[EventType "team"]
[EventRounds "11"]
[EventCountry "AUT"]
[WhiteTeam "Mayrhofen/SK Zell/Zillertal"]
[BlackTeam "Sparkasse Jenbach"]

1.d4 Nf6 2.c4 g6 3.Nc3 Bg7 4.e4 O-O 5.Nf3 d6 6.Be2 e5 7.Be3 Ng4 8.Bg5 f6 9.Bc1 Nc6
10.d5 Nd4 11.Nxd4 exd4 12.Nb5 f5 13.Bxg4 fxg4 14.O-O Qe7 15.Qd3 c5 16.dxc6 bxc6 17.Nxd4
Bb7 18.c5 Kh8 19.Nb3 Rad8 20.Be3 d5 21.exd5 Rxd5 22.Qc4 Bc8 23.Rad1 Rfd8 24.Rxd5 Rxd5
25.Re1 Re5 26.Rd1 Be6 27.Qb4 Kg8 28.Na5 Bd5 29.Nc4 Re4 30.Qb8+ Qf8 31.Qxf8+ Bxf8 32.Nd6
Re6 33.a3 a5 34.Nb7 Bg7 35.b4 axb4 36.axb4 Re7 37.Nd6 Bb3 38.Rd3 Ra7 39.f3 Ra1+ 40.Kf2
Bc2 41.Rd2 Ba4 42.Bd4 Rb1 43.Bxg7 Kxg7 44.Rd4 gxf3 45.gxf3 Rb2+ 46.Kg3 g5 47.Ne4 h6
48.Nc3 Bb3 49.b5 cxb5 50.Rb4 1-0

[Event "1. Bundesliga 2014/2015"]
[Site "Feffernitz, St. Veit/Glan, Mayrhofen"]
[Date "2015.03.20"]
[Round "10"]
[Board "1"]
[White "Ragger, Markus"]
[Black "Martinovic, Sasa"]
[Result "1/2-1/2"]
[WhiteElo "2661"]
[BlackElo "2520"]
[PlyCount "116"]
[EventDate "2014.11.20"]
[EventType "team"]
[EventRounds "11"]
[EventCountry "AUT"]
[WhiteTeam "Schachclub MPOE Maria Saal"]
[BlackTeam "SK Hohenems"]

1.Nf3 Nf6 2.c4 e6 3.Nc3 d5 4.d4 Nbd7 5.Bf4 dxc4 6.e3 Nb6 7.Bxc4 Nxc4 8.Qa4+ c6 9.Qxc4
Nd5 10.O-O Nxf4 11.exf4 Be7 12.Rfe1 O-O 13.Rad1 Qd6 14.Ne5 f6 15.Nd3 b5 16.Qb3 Qxd4
17.Ne5 Qxf4 18.Nxc6 Bc5 19.Ne4 Bb6 20.Ne7+ Kh8 21.Qh3 Qh6 22.Qxh6 gxh6 23.Nc3 e5 24.Nxb5
Bg4 25.Rd3 Rad8 26.Nd5 Rd7 27.Nbc3 Be6 28.Rdd1 Bd4 29.Ne3 Rb8 30.Nc2 Bxc3 31.bxc3
Rxd1 32.Rxd1 Bxa2 33.Nb4 Bb3 34.Ra1 Rd8 35.Nc6 Rc8 36.Nxa7 Rxc3 37.h3 Kg7 38.Nb5 Rd3
39.Rc1 h5 40.h4 Kg6 41.Rc3 Rd1+ 42.Kh2 Be6 43.Rc6 Bf7 44.f3 Be8 45.Rd6 Rc1 46.Na3
Bc6 47.Rd2 Ba4 48.Rb2 Rc3 49.Nb5 Rc6 50.Na3 Rc3 51.Nb5 Rc4 52.Kg3 f5 53.Nd6 Rc6 54.Rb4
Bd1 55.Nc4 Kf6 56.Kf2 Bc2 57.Rb6 Rxb6 58.Nxb6 Ke6 1/2-1/2